Los nacimientos múltiples de Juan Bosch / (Registro nro. 8224)

Detalles MARC
000 -LIDER
fixed length control field 00877nam a2200265 a 4500
001 - NÚMERO DE CONTROL
Identificador de número de control
003 - IDENTIFICACDOR DE NÚMERO DE CONTROL
control field DO-SdBNP
005 - DATE AND TIME OF LATEST TRANSACTION
control field 20211112072218.0
007 - CAMPOS FIJOS DE DESCRIPCIÓN FÍSICA
fixed length control field 000045347
008 - ELEMENTOS DE LONGITUD FIJA
fixed length control field 150304s 2015 dr a 000 0bspa d
020 ## - ISBN
International Standard Book Number 9789945082425
040 ## - FUENTE DE CATALOGACIÓN
Agencia que crea de manera original el registro BPMSU
Idioma de catalogación spa
Agencia que realiza la transcripción BPMSU
082 ## - NÚMERO DE CLASIFICACIÓN DECIMAL DE DEWEY
Classification number 923.27293
Item number B742M
Edition number 22
100 1# - ASIENTO PRINCIPAL -- NOMBRE PERSONAL
Nombre personal Morrison, Mateo
245 14 - MENCIÓN DE TITULO
Título Los nacimientos múltiples de Juan Bosch /
Mención de responsabilidad Mateo Morrison; presentación Cristina Lizardo Mézquita.
260 ## - PUBLICACIÓN, DISTRIBUCIÓN, ETC. (PIE DE IMPRENTA)
Lugar de publicación, distribución, etc Santo Domingo :
Nombre del editor, distribuidor, etc. Búho,
Fecha de publicación, distribución, etc 2015
Fecha de impresión
300 ## - DESCRIPCIÓN FÍSICA
Extensión 183 p. :
Otros detalles físicos il. ;
Dimensiones 23 cm.
500 ## - NOTA GENERAL
Nota general Incluye datos biografícos del autor en la solapa de la cubierta
500 ## - NOTA GENERAL
Nota general
600 14 - ENCABEZAMIENTO DE MATERIA--NOMBRE PERSONAL
Nombre personal Bosch, Juan,
Fechas asociadas con el nombre 1909-2001
Subdivisión temática general Crítica e interpretación
650 #4 - ENCABEZAMIENTO DE MATERIA--TEMÁTICO
Término temático o nombre geográfico como elemento de entrada Literatura dominicana
700 12 - ASIENTO SECUNDARIO -- NOMBRE PERSONAL
Nombre personal Lizardo Mézquita, Cristina,
Mención de responsabilidad prest.
910 ## - VALIDACIÓN
Validación VMateo V /Validado. Control de calidad MFF
942 ## - ADDED ENTRY ELEMENTS (KOHA)
Source of classification or shelving scheme Dewey Decimal Classification
Koha item type Libros
Existencias
Withdrawn status Lost status Source of classification or shelving scheme Damaged status Not for loan Collection code Home library Current library Date acquired Source of acquisition Total Checkouts Full call number Barcode Date last seen Price effective from Koha item type
    Dewey Decimal Classification     Colección Dominicana Biblioteca Pública Metropolitana Salomé Ureña Biblioteca Pública Metropolitana Salomé Ureña 08/26/2015 EDITORA BUHO   BPMSU CD 923.27293 B742M 2007 BPMSU15080475 08/26/2015 08/26/2015 Libros